Skip to main content
Your cart is empty.
Your lists
Log in to create your own lists
Your cookies
العربية
English
العربية
Home
Search
Advanced search
Authority search
About
The noble scholar, jurist, historian
His Excellency Dr. Abdul Wahhab bin Ibrahim Abu Sulaiman, may Allah have mercy on him.
He was born in Umm Al-Qura in the year 1356 AH.
Library catalog
Title
Author
Subject
ISBN
ISSN
Series
Call number
Log in to your account
×
Login:
Password:
Home
MARC view: مقومات حركة الجهاد ضد الصليبيين زمن عماد الدين زنكي وابنه نور الدين محمود /
Normal view
MARC view
ISBD view
مقومات حركة الجهاد ضد الصليبيين زمن عماد الدين زنكي وابنه نور الدين محمود / (Record no. 11604)
[
view plain
]
MARC details
000 -LEADER
fixed length control field
01423cam a2200277 i 4500
003 - CONTROL NUMBER IDENTIFIER
control field
SA-RiAUC
005 - DATE AND TIME OF LATEST TRANSACTION
control field
20250911060215.0
008 - FIXED-LENGTH DATA ELEMENTS--GENERAL INFORMATION
fixed length control field
250906s1995 su g f000 0dara c
040 ## - CATALOGING SOURCE
Original cataloging agency
SA-MuMU
Language of cataloging
ara
Transcribing agency
SA-RiAUC
Description conventions
rda
082 04 - DEWEY DECIMAL CLASSIFICATION NUMBER
Classification number
953.07392
090 ## - LOCALLY ASSIGNED LC-TYPE CALL NUMBER (OCLC); LOCAL CALL NUMBER (RLIN)
Classification number (OCLC) (R) ; Classification number, CALL (RLIN) (NR)
953.07392
Local cutter number (OCLC) ; Book number/undivided call number, CALL (RLIN)
غ ا م
100 1# - MAIN ENTRY--PERSONAL NAME
Personal name
الغامدي، عبد الله سعيد محمد،
Dates associated with a name
1376 هجري-
Relator term
مؤلف.
245 10 - TITLE STATEMENT
Title
مقومات حركة الجهاد ضد الصليبيين زمن عماد الدين زنكي وابنه نور الدين محمود /
Statement of responsibility, etc.
تأليف عبد الله سعيد الغامدي.
264 #1 - PRODUCTION, PUBLICATION, DISTRIBUTION, MANUFACTURE, AND COPYRIGHT NOTICE
Place of production, publication, distribution, manufacture
مكة المكرمة :
Name of producer, publisher, distributor, manufacturer
جامعة أم القرى،
Date of production, publication, distribution, manufacture, or copyright notice
1995.
300 ## - PHYSICAL DESCRIPTION
Extent
103 صفحة.
Dimensions
24 سم.
336 ## - CONTENT TYPE
Content type term
نص
Content type code
txt
Source
rdacontent
Materials specified
كتاب
337 ## - MEDIA TYPE
Media type term
بدون وسيط
Media type code
n
Source
rdamedia
338 ## - CARRIER TYPE
Carrier type term
مجلد
Carrier type code
nc
Source
rdacarrier
490 0# - SERIES STATEMENT
Series statement
سلسلة بحوث الدراسات الإسلامية ؛
Volume/sequential designation
26
600 17 - SUBJECT ADDED ENTRY--PERSONAL NAME
Personal name
الآتابك زنكي، عماد الدين زنكي بن قسيم الدولة الحاجب آق سنقر،
Dates associated with a name
541-478 هجري
Source of heading or term
aucnm
600 17 - SUBJECT ADDED ENTRY--PERSONAL NAME
Personal name
العادل نور الدين، محمود بن زنكي بن أقسنقر،
Titles and other words associated with a name
ملك،
Dates associated with a name
511-569 هجري
Source of heading or term
aucnm
650 #7 - SUBJECT ADDED ENTRY--TOPICAL TERM
Topical term or geographic name entry element
الحروب الصليبية
General subdivision
تاريخ
Source of heading or term
aucsh
651 #7 - SUBJECT ADDED ENTRY--GEOGRAPHIC NAME
Geographic name
البلاد الإسلامية
General subdivision
تاريخ
Chronological subdivision
الأسرة الزنكية
Source of heading or term
aucsh
942 ## - ADDED ENTRY ELEMENTS (KOHA)
Source of classification or shelving scheme
Dewey Decimal Classification
Koha item type
Books
Suppress in OPAC
No
949 ## - LOCAL PROCESSING INFORMATION (OCLC)
a
SA-JeALM
d
250906
u
mohamedma123
n
1
Holdings
Withdrawn status
Lost status
Source of classification or shelving scheme
Damaged status
Not for loan
Home library
Current library
Date acquired
Total checkouts
Full call number
Barcode
Date last seen
Price effective from
Koha item type
Dewey Decimal Classification
DR AbdElwahab Library
DR AbdElwahab Library
09/11/2025
953.07932 غ ا م
000018645
09/11/2025
09/11/2025
Books
Place hold
Print
Add to your cart
(remove)
Save record
BIBTEX
Dublin Core
MARCXML
MARC (non-Unicode/MARC-8)
MARC (Unicode/UTF-8)
MARC (Unicode/UTF-8, Standard)
MODS (XML)
RIS
ISBD
More searches
Search for this title in:
Other Libraries (WorldCat)
Other Databases (Google Scholar)
Online Stores (Bookfinder.com)
Open Library (openlibrary.org)
Exporting to Dublin Core...
×
Simple DC-RDF
OAI-DC
SRW-DC